Meest voorkomende voornamen in Spanje - Statistieken

Algemene statistieken
  • Deze quiz is 85 keer genomen
  • De gemiddelde score is 9 van 40
Antwoordstatistieken
naam % Correct
Juan
76%
María
74%
José
51%
Fernando
44%
Luis
44%
Carlos
40%
Pedro
40%
Antonio
37%
Pablo
35%
Ana
34%
David
26%
Manuel
24%
Francisco
22%
Isabel
22%
Jesús
22%
Jorge
22%
Miguel
22%
Daniel
21%
Javier
19%
Alejandro
18%
Carmen
18%
Sergio
18%
Cristina
16%
Laura
13%
Luisa
13%
Ángel
12%
Lucía
12%
Marta
12%
Rafael
12%
Antonia
10%
Paula
10%
Teresa
10%
Dolores
6%
Sara
6%
Francisca
4%
Josefa
4%
Elena
3%
Pilar
3%
Angeles
1%
Concepción
0%
Geen overeenkomende quizzen gevonden
Scoreverdeling
Procent van Mensen met Elke Score
Percentiel versus Aantal Correcte Antwoorden
Uw Scoregeschiedenis
U heeft deze quiz nog niet genomen